| 000 | 00765 a2200217 4500 | ||
|---|---|---|---|
| 001 | 28090 | ||
| 005 | 20260407155553.0 | ||
| 008 | 260407a1997 arg spa d | ||
| 003 | AR-UNSa-BCEJYS | ||
| 040 |
_aAR-UNSa-BCEJYS _bspa _cAR-UNSa-BCEJYS |
||
| 080 |
_a347.628.42 _xConvivencia. Unión de hecho. Concubinato |
||
| 245 | 1 | 0 | _aRégimen jurídico del concubinato |
| 020 | _a950-508-020-6 | ||
| 250 | _a4a. ed. | ||
| 264 | 1 |
_aBuenos Aires : _bAstrea _c1997 |
|
| 300 |
_axxiii, 262 p. _c23 cm. |
||
| 505 | _a1. Introducción - 2. Caracterización y régimen - 3. Actos jurídicos de los concubinos - 4. Incidencia del concubinato en diversas relaciones jurídicas | ||
| 942 | _cBK | ||
| 590 | _aniveau_biblio:m niveau_hierar:0 | ||
| 100 | 1 | _aBossert, Gustavo A. | |
| 999 |
_c1648 _d1648 |
||